000 00475nam a2200169Ia 4500
008 090201s9999 xx 000 0 und d
010 _aKPL-11700
040 _bइंग्रजी
041 _aइंग्रजी
082 _a29965
_b11700
100 _as. d. hodgo
245 _aprogramming for optional decisions
_cs. d. hodgo
260 _c2004
_bpenguin books
300 _a341
_bमोठा
600 _aprogramming for optional decisions
942 _cBOOK
999 _c228524
_d228524